Statystyki dla Z jakiego anime ta postać pochodzi?

Kliknij tutaj aby rozwiązać quiz!

Ogólne statystyki

  • Ten quiz został rozwiązany 598 razy
  • Średni wynik to 7 z 15

Statystyki odpowiedzi

PostaćAnime% Poprawnych
SaitamaONE-PUNCH MAN
89%
Yagami LightDeath Note
74%
Monkey D. LuffyOne Piece
70%
Son GokuDRAGON BALL Z
64%
Izuku MidoriyaBOKU NO HERO ACADEMIA
62%
GonHUNTER X HUNTER
60%
NarutoNARUTO SHIPPUDEN
58%
Eren JaegerShingeki no Kyojin
47%
Edward i AlphonseFULLMETAL ALCHEMIST: BROTHERHOOD
41%
AlucardHELLSING
36%
NanaNana
34%
Gintokiego SakatyGINTAMA
30%
Takumi FujiwaraINITIAL D
22%
Ryuugamine MikadoDurarara!!
9%
Rokuro OkajimaBLACK LAGOON
8%

Rozkład punktacji

Percentyl według liczby udzielonych odpowiedzi

Procent ludzi z każdym wynikiem

Twoja historia wyników

Nie rozwiązałeś tego quizu